000 01126nam a2200265 a 4500
003 OSt
005 20231201104928.0
007 cr ||||||a|c|a
008 231129s2023 mx |||fom||| 00| 0 spa d
040 _erda
100 1 _9188333
_aHernández Pérez, Alan Rodolfo
245 1 0 _aEvaluación de inductores de la floración en guayaba (Psidium guajava L.) var. Calvillo bajo condiciones de invernadero /
_cpor Alan Rodolfo Hernández Pérez; director de tesis Juan Ayala Arreola
264 1 _aChapingo, México :
_bEl autor,
_c2023.
300 _a1 recurso en línea (50 páginas).
336 _2rdacontent
_atexto
_btxt
337 _2rdamedia
_acomputadora
_bc
338 _2rdacarrier
_arecurso en línea
_bcr
502 _bIAEF
_cFitotecnia
_d2023.
_gLIC
504 _aIncluye referencias bibliográficas: páginas 33-42.
650 4 _9188352
_aGuayaba
_xFloración
650 4 _951064
_aGuayaba
_xRendimiento
700 1 _98915
_aAyala Arreola, Juan
_edirector.
856 _uhttp://10.13.5.2/tesis/tl/1411123-9_HERNANDEZ_PEREZ_ALANRODOLFO.pdf
_zDESCARGAR PDF
942 _2Clasificación Universidad Autónoma Chapingo
_cTD
999 _c219476
_d219476